Chats on Japanese prints

保存先:
書誌詳細
第一著者: Ficke, Arthur Davison
フォーマット: 図書
言語:Undetermined
出版事項: London T. Fisher Unwin 1916
主題:
タグ: タグ追加
タグなし, このレコードへの初めてのタグを付けませんか!
Thư viện lưu trữ: Trung tâm Học liệu Trường Đại học Cần Thơ
LEADER 00486nam a2200181Ia 4500
001 CTU_108317
008 210402s9999 xx 000 0 und d
082 |a 769.952 
082 |b F447 
100 |a Ficke, Arthur Davison 
245 0 |a Chats on Japanese prints 
245 0 |c Arthur Davison Ficke 
260 |a London 
260 |b T. Fisher Unwin 
260 |c 1916 
650 |a Color prints, japanese 
904 |i Nguyên 
980 |a Trung tâm Học liệu Trường Đại học Cần Thơ